Canadian Graph Puzzle Quiz Stats

 Plays Quiz Updated Mar 18, 2020

Support Sporcle.
Go Orange.
Score 0/13 Timer 04:00
2 Plays Today
% Correct
Yukon
83.4%
Prince
Edward
Island
74.2%
Quebec
71.9%
Sask-
atchewan
71.3%
Nova Scotia
60.8%
British
Columbia
60.5%
Ontario
60.3%
New
Brunswick
58.2%
Alberta
55.8%
Manitoba
53.1%
Northwest
Territories
52.4%
Nunavut
50.1%
Newfound-
land &
Labrador
37.8%

From the Vault

Confederate State Conundrum

by sproutcm

History 3m
The American Civil War is a reminder that 'secede' and 'succeed' mean two very different things.
Remove Ads.
Support Sporcle.
Get the best of Sporcle when you Go Orange. This ad-free experience offers more features, more stats, and more fun while also helping to support Sporcle. Thank you for becoming a member.

Show Comments

Extras

Top Quizzes Today


Score Distribution

Your Account Isn't Verified!

In order to create a playlist on Sporcle, you need to verify the email address you used during registration. Go to your Sporcle Settings to finish the process.

Report this User

Report this user for behavior that violates our Community Guidelines.

Details: